000 00282nam a2200121Ia 4500
999 _c6648
_d6648
008 191201s2008 xx 000 0 und d
100 _aMAHESHWARI, L.K.
245 0 _aAnalog Electronics
260 _aN. delhi
_bPHI
_c2008
300 _a690
650 _aB.Tech(ECE)
942 _2ddc
_cBK